书目信息 |
| 题名: |
全球化与现代化
|
|
| 作者: | 王立军 著 | |
| 分册: | ||
| 出版信息: | 北京 企业管理出版社 2013 |
|
| 页数: | 372页 | |
| 开本: | 21cm | |
| 丛书名: | ||
| 单 册: | ||
| 中图分类: | F279.245 | |
| 科图分类: | ||
| 主题词: | 民营企业--企业集团--转型经济--研究--中国 , 民营企业--企业集团--企业升级--研究--中国 , 民营企业 , 企业集团 , 转型经济 , 企业升级 | |
| 电子资源: | ||
| ISBN: | 978-7-5164-0554-3 | |
| 000 | 01653nam0 22003131 450 | |
| 001 | 523 | |
| 005 | 20140909093104.37 | |
| 010 | @a978-7-5164-0554-3@dCNY30.00 | |
| 100 | @a20131219d2013 em y0chiy50 ea | |
| 101 | 0 | @achi |
| 102 | @aCN@b110000 | |
| 105 | @ay z 000yy | |
| 106 | @ar | |
| 200 | 1 | @a全球化与现代化@AQuan Qiu Hua Yu Xian Dai Hua@e民营企业集群转型升级研究@EMin Ying Qi Ye Ji Qun Zhuan Xing Sheng Ji Yan Jiu@f王立军著@FWang Li Jun Zhu |
| 210 | @a北京@c企业管理出版社@d2013 | |
| 215 | @a372页@d21cm | |
| 300 | @a“理论创新与浙江模式”研究系列专著 浙江省科学发展观与浙江发展研究中心研究成果 | |
| 330 | @a本书分4篇:第一篇全球化与集群升级,分析嵌入全球价值链的企业集群升级机制,研究全球与地方交互治理和集群升级,提出地方集群嵌入全球价值链的战略目标与途径;第二篇现代化与集群升级,分别就创新学习与集群升级,品牌建设与集群升级,淘汰落后产能与集群升级,培育新兴产业与集群升级等问题进行研究;第三篇集群升级比较,研究全球化背景下发展中国家企业集群升级的经验,以及现代化背景下国内企业集群升级的经验;第四篇集群升级案例,选取了国际贸易试点与义乌小商品集群升级,制造业集群升级与诸暨区域经济转型,以及交互治理与永康休闲运动车企业集群升级这三个浙江省发展有特色的地方企业集群进行案例研究。 | |
| 517 | 1 | @a民营企业集群转型升级研究@AMin Ying Qi Ye Ji Qun Zhuai Xing Sheng Ji Yan Jiu |
| 606 | 0 | @a民营企业@x企业集团@x转型经济@x研究@y中国 |
| 606 | 0 | @a民营企业@x企业集团@x企业升级@x研究@y中国 |
| 606 | 0 | @a民营企业 |
| 606 | 0 | @a企业集团 |
| 606 | 0 | @a转型经济 |
| 606 | 0 | @a企业升级 |
| 690 | @aF279.245@v5 | |
| 701 | 0 | @a王立军@AWang Li Jun@f(1970.2~)@4著 |
| 801 | 0 | @aCN@bTANGWEI@c20140603 |
| 905 | @b0837108-10@dF279.245@e1152@f3 | |
| 全球化与现代化:民营企业集群转型升级研究/王立军著.-北京:企业管理出版社,2013 |
| 372页;21cm |
| “理论创新与浙江模式”研究系列专著 浙江省科学发展观与浙江发展研究中心研究成果 |
| ISBN 978-7-5164-0554-3:CNY30.00 |
| 本书分4篇:第一篇全球化与集群升级,分析嵌入全球价值链的企业集群升级机制,研究全球与地方交互治理和集群升级,提出地方集群嵌入全球价值链的战略目标与途径;第二篇现代化与集群升级,分别就创新学习与集群升级,品牌建设与集群升级,淘汰落后产能与集群升级,培育新兴产业与集群升级等问题进行研究;第三篇集群升级比较,研究全球化背景下发展中国家企业集群升级的经验,以及现代化背景下国内企业集群升级的经验;第四篇集群升级案例,选取了国际贸易试点与义乌小商品集群升级,制造业集群升级与诸暨区域经济转型,以及交互治理与永康休闲运动车企业集群升级这三个浙江省发展有特色的地方企业集群进行案例研究。 |
| ● |
| 相关链接 |
|
|
|
|
正题名:全球化与现代化
索取号:F279.245/1152
 
预约/预借
| 序号 | 登录号 | 条形码 | 馆藏地/架位号 | 状态 | 备注 |
| 1 | 0837108 | 208371082 | 第一样本阅览室/ [索取号:F279.245/1152] | 在馆 | |
| 2 | 0837109 | 208371091 | 第一借阅区/ [索取号:F279.245/1152] | 在馆 | |
| 3 | 0837110 | 208371108 | 第一借阅区/ [索取号:F279.245/1152] | 在馆 |